zpět

Detail výsledku týmu

The Pub Praha 2 PO, Praha

Datum a čas kvízu

24 Celkem bodů Celkový počet nahraných bodů na tomto kvízu bez doplňovacích otázek.
12. Pořadí na kvízu Konečné umístění týmu na tomto kvízu.

Zaznamenané odpovědi

# Otázka Odpověď Body Výsledky
1. Nově zvolený prezident Pavel z... Hrzánský palác 0
2. Jedna z největších evropských... Itálie 0
3. Takovou party ještě strašnické... Petr Hošek 0
4. Česká pošta od února zdražila... 23 Kč 1
5. Ve čtvrtek měl premiéru další... Zlatan Ibrahimović, Tomáš Ujfaluši 0
6. Nyní se zaměříme na umělce a j... Less 0
7. Postava francouzského malíře P... B) šimpanz 0
8. Za kontroverzní byl ve své dob... Édouard Manet, Snídaně v trávě 0.5
9. Fotografie amerického umělce A... (Serranova) moč 0
10. V poslední otázce se vrátíme k... Entropa 1